[Event "CZE-ch U12 Girls"]
[Site "Kouty nad Desnou"]
[Date "2009.03.12"]
[Round "7"]
[White "Creweova, Nicole"]
[Black "Stranska, Kamila"]
[Result "0-1"]
[WhiteElo "1250"]
[BlackElo "1533"]
[PlyCount "116"]
[EventDate "2009.03.07"]
[EventType "swiss"]
[EventRounds "9"]
[EventCountry "CZE"]
[SourceTitle "EXT 2011"]
[Source "ChessBase"]
[SourceDate "2010.11.26"]
[SourceVersion "1"]
[SourceVersionDate "2010.11.26"]
[SourceQuality "1"]

1. e4 d5 2. exd5 Nf6 3. Nc3 Nxd5 4. Nxd5 Qxd5 5. Nf3 Nc6 6. Be2 Bg4 7. h3 Bh5 8. d3 e5 9. Be3 0-0-0 10. g4 Bg6 11. Qd2 e4 12. dxe4 Qxe4 13. Qc1 Qxc2 14. Qxc2 Bxc2 15. 0-0 Bd6 16. Rac1 Bg6 17. Bb5 Ne5 18. Nxe5 Bxe5 19. b3 a6 20. Bc4 f5 21. Bg5 Bf6 22. Bf4 fxg4 23. hxg4 Rd4 24. g5 Rxf4 25. gxf6 Rxf6 26. Rc3 Rhf8 27. Rg3 Bf7 28. Bd3 g6 29. Kg2 Bd5+ 30. f3 h5 31. Be2 Rg8 32. Kh3 g5 33. Rfg1 Rf5 34. Bc4 Bxc4 35. bxc4 h4 36. Rg4 Rxf3+ 37. Kg2 Rg3+ 38. Rxg3 hxg3 39. Kxg3 Kd7 40. Kf3 g4+ 41. Rxg4 Rxg4 42. Kxg4 Kd6 43. Kf3 Kc5 44. Ke2 Kxc4 45. Kd2 Kd4 46. Kc2 c5 47. a3 c4 48. a4 a5 49. Kd2 c3+ 50. Kc2 Kc4 51. Kd1 Kd3 52. Ke1 c2 53. Kf2 c1Q 54. Kf3 Qe3+ 55. Kg4 Qf2 56. Kg5 Qf3 57. Kg6 Qf4 58. Kg7 Qf5 0-1

[Event "CZE-ch U12 Girls"]
[Site "Sec u Chrudimi"]
[Date "2008.03.13"]
[Round "7"]
[White "Pridalova, Tereza"]
[Black "Creweova, Nicole"]
[Result "0-1"]
[WhiteElo "1250"]
[BlackElo "1100"]
[PlyCount "94"]
[EventDate "2008.03.08"]
[EventType "swiss"]
[EventRounds "9"]
[EventCountry "CZE"]
[SourceTitle "EXT 2009"]
[Source "ChessBase"]
[SourceDate "2008.11.26"]
[SourceVersion "1"]
[SourceVersionDate "2008.11.26"]
[SourceQuality "1"]

1. e4 e5 2. Nf3 Nc6 3. d4 exd4 4. Bc4 Be7 5. c3 Nf6 6. Qe2 d6 7. 0-0 Ne5 8. Nxe5 dxe5 9. h3 Qd6 10. Rd1 c5 11. Be3 Be6 12. Bxe6 Qxe6 13. cxd4 cxd4 14. Bg5 0-0 15. Qf3 b6 16. Nd2 Rac8 17. Qg3 h6 18. Bxh6 Nh5 19. Qg4 Qxh6 20. Nf3 Nf6 21. Qg3 Nxe4 22. Qxe5 Qe6 23. Qxe6 fxe6 24. Nxd4 Rfd8 25. Nxe6 Rxd1+ 26. Rxd1 Rc6 27. Nf4 Rd6 28. Rxd6 Bxd6 29. Ne2 Bc5 30. g4 Nxf2 31. Kg2 Nd1 32. b3 Bd6 33. Nf4 Bxf4 34. Kf3 g5 35. Ke4 Kf7 36. Kd5 Ke7 37. Kc6 Be3 38. Kb7 a5 39. Kc6 Ke6 40. Kb5 Ke5 41. b4 axb4 42. Kxb4 Kf4 43. Kc4 Bg1 44. Kd5 Kg3 45. Ke5 Kxh3 46. Kf5 Kh4 47. Kg6 Kxg4 0-1